Language Quiz

Random Language or Letter Quiz

5-Letter Clickagrams Quiz Stats

 Plays Quiz Updated Mar 18, 2015

Support Sporcle.
Go Orange.
Score 0/20 Timer 01:30
0 Plays Today
% Correct
ascot
94.2%
false
92.1%
dared
91.8%
claps
89.7%
fears
89.1%
bores
88.8%
merit
86.4%
parts
84.9%
pelts
84.2%
hears
83.6%
% Correct
poles
82.8%
leapt
82.5%
nears
81.8%
prose
81.5%
phase
80.1%
rites
79.4%
reset
79.1%
reins
78.7%
steak
77.4%
saint
77.3%

You're not logged in!

Compare scores with friends on all Sporcle quizzes.
OR
Log In
Forgot?

From the Vault

Movies by Closing Narrations

by ddd62291

Movies 10m
We played this quiz imagining Morgan Freeman saying everything. It was amazing.
Remove Ads.
Support Sporcle.
Get the best of Sporcle when you Go Orange. This ad-free experience offers more features, more stats, and more fun while also helping to support Sporcle. Thank you for becoming a member.

Show Comments

Extras

Top Quizzes Today


Score Distribution

Your Account Isn't Verified!

In order to create a playlist on Sporcle, you need to verify the email address you used during registration. Go to your Sporcle Settings to finish the process.

Report this User

Report this user for behavior that violates our Community Guidelines.

Details: